000 00510nam a2200193Ia 4500
003 GCL
008 140319s9999 xx 000 0 ara d
040 _aGCL /
_cGCL
082 0 4 _a301.243
_bب ت
100 1 _aبوريل
245 1 0 _aتوراث النمو الثلاث /
_cبوريل
700 1 _aبول
700 1 _aاديب العاقل
300 _a396
650 0 4 _aالاجتماع
650 0 4 _aالتغير الاجتماعى
650 0 4 _aالبناء الاجتماعى
942 _2ddc
_cBK
999 _c41083
_d41083